Renoir / (Registro nro. 9191)

Detalles MARC
000 -LIDER
fixed length control field 00791nam a22002777a 4500
001 - NÚMERO DE CONTROL
Identificador de número de control 0162
003 - IDENTIFICACDOR DE NÚMERO DE CONTROL
control field DO-SdBNP
005 - DATE AND TIME OF LATEST TRANSACTION
control field 20180126093429.0
007 - CAMPOS FIJOS DE DESCRIPCIÓN FÍSICA
fixed length control field 0162
008 - ELEMENTOS DE LONGITUD FIJA
fixed length control field 151005b 200 1995 cl 00| 0 spa d
040 ## - FUENTE DE CATALOGACIÓN
Agencia que crea de manera original el registro BPMSU
Idioma de catalogación spa
Agencia que realiza la transcripción BPMSU
092 ## - LOCALLY ASSIGNED DEWEY DECIMAL CALL NUMBER
Número de clasificación XXXX
Número de ítem (Cutter) XXXX
100 1# - ASIENTO PRINCIPAL -- NOMBRE PERSONAL
Nombre personal Renoir, Pierre Auguste
Fechas asociadas con el nombre 1841-1919
245 10 - MENCIÓN DE TITULO
Título Renoir /
Mención de responsabilidad Pierre Auguste Renoir ; traducción Constanza Malavert
260 ## - PUBLICACIÓN, DISTRIBUCIÓN, ETC. (PIE DE IMPRENTA)
Lugar de publicación, distribución, etc Colombia :
Nombre del editor, distribuidor, etc. Cinco,
Fecha de publicación, distribución, etc 1995.
300 ## - DESCRIPCIÓN FÍSICA
Extensión 15, [48] p :
Otros detalles físicos il.
Dimensiones 28 cm.
490 1# - MENCIÓN DE SERIES
Mención de serie Grandes maestros de la pintura
500 ## - NOTA GENERAL
Nota general Edición especial para quioscos
650 ## - ENCABEZAMIENTO DE MATERIA--TEMÁTICO
Término temático o nombre geográfico como elemento de entrada
Subdivisión temática general
700 12 - ASIENTO SECUNDARIO -- NOMBRE PERSONAL
Nombre personal Malavert, Constanza
Mención de responsabilidad trad.
830 #0 - ASIENTO SECUNDARIO DE SERIE--TÍTULO UNIFORME
Título uniforme Grandes maestros de la pintura
910 ## - VALIDACIÓN
Validación 144
942 ## - ADDED ENTRY ELEMENTS (KOHA)
Source of classification or shelving scheme Dewey Decimal Classification
Koha item type Libros
945 ## - INFORMACIÓN DE PROCESAMIENTO LOCAL
Información de procesamiento local Inventariado extranjero / 2018 VM
956 ## - LOCAL ELECTRONIC LOCATION AND ACCESS (OCLC)
Nombre de host Yngrid Lockward
Existencias
Withdrawn status Lost status Source of classification or shelving scheme Damaged status Not for loan Collection code Home library Current library Date acquired Source of acquisition Total Checkouts Barcode Date last seen Price effective from Koha item type
    Dewey Decimal Classification     Colección General Biblioteca Pública Metropolitana Salomé Ureña Biblioteca Pública Metropolitana Salomé Ureña 03/11/2016 FUNDI   BPMSU16030071 03/11/2016 03/11/2016 Libros